Treatment of TMDs : (Record no. 22353)
[ view plain ]
| 000 -LEADER | |
|---|---|
| fixed length control field | 01923cam a22003015a 4500 |
| 001 - CONTROL NUMBER | |
| control field | 10279235 |
| 005 - DATE AND TIME OF LATEST TRANSACTION | |
| control field | 20160908135854.0 |
| 008 - FIXED-LENGTH DATA ELEMENTS--GENERAL INFORMATION | |
| fixed length control field | 121023t2013 ilua frb 001 0 eng d |
| 020 ## - INTERNATIONAL STANDARD BOOK NUMBER | |
| International Standard Book Number | 9780867155860 |
| 020 ## - INTERNATIONAL STANDARD BOOK NUMBER | |
| International Standard Book Number | 0867155868 |
| 035 ## - SYSTEM CONTROL NUMBER | |
| System control number | (OCoLC)814440868 |
| 040 ## - CATALOGING SOURCE | |
| Original cataloging agency | DNLM/DLC |
| Language of cataloging | eng |
| Transcribing agency | DLC |
| Modifying agency | NLM |
| -- | YDXCP |
| -- | BTCTA |
| -- | PAU |
| -- | OCLCO |
| -- | EG-ScBUE |
| 082 04 - DEWEY DECIMAL CLASSIFICATION NUMBER | |
| Classification number | 617.522 |
| Edition number | 22 |
| Item number | TRE |
| 245 00 - TITLE STATEMENT | |
| Title | Treatment of TMDs : |
| Remainder of title | bridging the gap between advances in research and clinical patient management / |
| Statement of responsibility, etc | edited by Charles S. Greene and Daniel M. Laskin. |
| 246 1# - VARYING FORM OF TITLE | |
| Title proper/short title | Treatment of temporomandibular disorders |
| 260 ## - PUBLICATION, DISTRIBUTION, ETC. (IMPRINT) | |
| Place of publication, distribution, etc | Hanover Park : |
| Name of publisher, distributor, etc | Quintessence Publishing, |
| Date of publication, distribution, etc | c.2013. |
| 300 ## - PHYSICAL DESCRIPTION | |
| Extent | xii, 204 p. : |
| Other physical details | ill. (some col.) ; |
| Dimensions | 29 cm. |
| 500 ## - GENERAL NOTE | |
| General note | Index : p. 197-204. |
| 504 ## - BIBLIOGRAPHY, ETC. NOTE | |
| Bibliography, etc | Includes bibliographical references. |
| 505 0# - FORMATTED CONTENTS NOTE | |
| Formatted contents note | Sensory mechanisms of orofacial pain -- Pathophysiology of masticatory myofascial pain -- Pathophysiology of intracapsular inflammation and degeneration -- Comorbid conditions : how they affect orofacial pain -- How sleep and pain affect each other -- Genetic determinants of complex orofacial pain conditions -- Quantitative sensory testing of pain responsiveness -- Predicting treatment responsiveness : somatic and psychologic factors -- Biomechanics and mechanobiology of the TMJ -- Finite element analysis of the TMJ -- TMJ lubrication -- Imaging the TMJ and associated structures -- Brain imaging of pain phenomena -- Synovial fluid assay and biomarkers of TMJ disease -- Tissue engineering for the TMJ -- Injectable compounds to treat TMJ pain and degenerative joint disease -- Pharmacologic management of TMD pain. |
| 650 #7 - SUBJECT ADDED ENTRY--TOPICAL TERM | |
| Topical term or geographic name as entry element | Temporomandibular joint |
| General subdivision | Diseases |
| -- | Treatment. |
| Source of heading or term | BUEsh |
| 9 (RLIN) | 37680 |
| 651 ## - SUBJECT ADDED ENTRY--GEOGRAPHIC NAME | |
| Source of heading or term | BUEsh |
| 653 ## - INDEX TERM--UNCONTROLLED | |
| Resource For college | |
| Arrived date list | September2016 |
| 700 1# - ADDED ENTRY--PERSONAL NAME | |
| Personal name | Greene, Charles S. |
| Titles and other words associated with a name | (Orthodontist), |
| Relator term | editor. |
| 700 1# - ADDED ENTRY--PERSONAL NAME | |
| Personal name | Laskin, Daniel M., |
| Dates associated with a name | 1924- |
| Relator term | editor. |
| 942 ## - ADDED ENTRY ELEMENTS (KOHA) | |
| Source of classification or shelving scheme | Dewey Decimal Classification |
| Withdrawn status | Item status | Source of classification or shelving scheme | Damaged status | Not for loan | Vendor | Home library | Current library | Shelving location | Date acquired | Source of acquisition | Cost, normal purchase price | Serial Enumeration / chronology | Total Checkouts | Total Renewals | Full call number | Barcode | Date last seen | Date last borrowed | Cost, replacement price | Koha item type |
|---|---|---|---|---|---|---|---|---|---|---|---|---|---|---|---|---|---|---|---|---|
| Dewey Decimal Classification | Scientific home BookShop | Central Library | Central Library | First floor | 08/09/2016 | Purchase | 1050.00 | 2689 | 2 | 2 | 617.522 TRE | 000033610 | 15/07/2025 | 08/10/2018 | 1313.00 | Book - Borrowing |